| 000 | 01053nas a2200301 i 4500 | ||
|---|---|---|---|
| 001 | 2912 | ||
| 003 | ES-MaACL | ||
| 005 | 20250803062532.0 | ||
| 007 | t| | ||
| 008 | 051013c2001 sp a| | 0 ||pa d | ||
| 020 | _a1695-1514 | ||
| 080 | _a(460) | ||
| 080 | _a93/99 | ||
| 245 | 0 | 0 | _aAnales del Instituto de Estudios Históricos del sur de Madrid "Jiménez de Gregorio". |
| 260 |
_aMadrid : _bUniversidad Carlos III, _c2001- |
||
| 300 |
_a7 v. ; _c24 cm. |
||
| 310 | _aAnual | ||
| 362 | 0 | _aNº 1 (2000)- | |
| 650 | 1 | 7 |
_aHistoria _2embne _9179933 |
| 655 | 7 |
_2tgfbne _9226866 _aRevistas |
|
| 710 | 2 |
_aInstituto de Estudios Históricos del Sur de Madrid "Jiménez de Gregorio" _94909 |
|
| 710 | 2 |
_aUniversidad Carlos III de Madrid. _97076 |
|
| 852 |
_aES-MaACL _jHEM-2099 _cHEM _93023 _zExpurgado marzo 2025: posterior a 1958; sin encuadernar; en acceso abierto |
||
| 856 |
_uhttps://dialnet.unirioja.es/revista/1587/A/2014 _ySumarios de la revista en Dialnet |
||
| 866 | 0 | _o2000-2008. | |
| 942 | _2udc | ||
| 999 |
_c2912 _d2912 |
||